Представление документа в формате RUSMARC

ПолеНазваниеЗначение
  Тип записи a
  Библиографический уровень m
001 Контрольный номер RU/IS/BASE/642694139
005 Дата корректировки 20240417115143.9
010 Индекс ISBN __
d Цена 0 р. 90 к.
b Уточнения в пер.
9 Тираж 200 000 экз.
100 Данные общей обработки __
a Данные общей обработки 20240417d1984 ||| 0rusy0189 ca
101 Язык документа 0_
a Язык текста rus
102 Страна публикации __
a Страна публикации RU
105 Кодированные данные (монография) __
a Кодированные данные (монография) y###||||000|y
200 Заглавие и сведения об ответственности 1_
a Заглавие Это останется навсегда
f Первые сведения об ответственности Д. И. Ортенберг
203 Вид содержания и тип средства __
a Вид содержания Текст
b Характеристика содержания визуальный
c Тип средства непосредственный
205 Сведения об издании __
a Основные сведения об издании 2-е изд., доп.
210 Выходные данные 1_
a Место издания Москва
c Издательство Политиздат
d Дата издания 1984
215 Физическое описание __
a Объем 335 с.
c Иллюстрации/тип воспроизводства ил.
d Формат 21 см
600 Персоналии _0
a Персоналии (Фамилия) Ставский
b Персоналии (Имя, инициалы) В.
600 Персоналии _0
a Персоналии (Фамилия) Симонов
b Персоналии (Имя, инициалы) Константин
600 Персоналии _0
a Персоналии (Фамилия) Кожевников
b Персоналии (Имя, инициалы) В.
600 Персоналии _0
a Персоналии (Фамилия) Шолохов
b Персоналии (Имя, инициалы) Михаил
600 Персоналии _0
a Персоналии (Фамилия) Эренбург
b Персоналии (Имя, инициалы) И.
606 Тематические рубрики 1_
a Основная рубрика Книга. Издательское дело
606 Тематические рубрики 1_
a Основная рубрика Великая Отечественная война (1941-1945) - Герои и участники
610 Ключевые слова 1_
a Ключевые слова Великая Отечественная война
a Ключевые слова военные дневники
a Ключевые слова военные корреспонденты
a Ключевые слова история России
a Ключевые слова участники Великой Отечественной войны
a Ключевые слова фронтовые журналисты
a Ключевые слова фронтовые корреспонденты
a Ключевые слова фронтовые писатели
686 Индексы других классификаций __
a Классификационный индекс 76.1
2 Код системы rubbk
700 Автор _1
a Фамилия Ортенберг
b Имя (инициалы) Давид Иосифович
g Полное личное имя Д. И.
4 Код отношения 070
801 Источник записи _0
a Страна RU
b Организация RuCBSGrad
c Дата составления 20240417
g Правила каталогизации RCR
801 Источник записи _1
a Страна RU
b Организация RuCBSGrad
c Дата составления 20240417
g Правила каталогизации RCR
852 Данные о местонахождении __
a Наименование организации МБУК "ЦБС г. Димитровграда"
i Авторский знак О-70
z Тип записи R
901 Тип документа __
t Тип документа m
909 Создатель записи __
a Создатель записи Емангулова
b Дата создания записи 20240417